Normal view
MARC view
Entry Personal Name
001 - CONTROL NUMBER
- control field: 22537
003 - CONTROL NUMBER IDENTIFIER
- control field: ARRUPE
005 - DATE AND TIME OF LATEST TRANSACTION
- control field: 20160229090317.0
008 - FIXED-LENGTH DATA ELEMENTS
- fixed length control field: 160229|| aca||aabn | a|a d
040 ## - CATALOGING SOURCE
- Original cataloging agency: ARRUPE
- Transcribing agency: ARRUPE
100 ## - HEADING--PERSONAL NAME
- Personal name: Moore, George Wilfred
670 ## - SOURCE DATA FOUND
- Source citation: Work cat.: (ARRUPE): Moore, George Wilfred, The Penguin encyclopedia of places, 1971